[Event "Baden Wuerttemberg-ch Seniors op 2nd"]
[Site "Freudenstadt"]
[Date "2016.07.01"]
[Round "1"]
[White "Woelbl, Josef"]
[Black "Ackermann, Hans Werner"]
[Result "0-1"]
[WhiteElo "1911"]
[BlackElo "2339"]
[PlyCount "64"]
[EventDate "2016.07.01"]
[EventType "swiss"]
[EventRounds "9"]
[EventCountry "GER"]
[SourceTitle "EXT 2019"]
[Source "ChessBase"]
[SourceDate "2018.10.10"]
[SourceVersion "1"]
[SourceVersionDate "2018.10.10"]
[SourceQuality "1"]

1. Nf3 d6 2. c4 e5 3. Nc3 Nf6 4. d4 Nbd7 5. Bg5 Be7 6. Bxf6 Bxf6 7. dxe5 Nxe5 8. e3 0-0 9. Rc1 g6 10. Be2 Nd7 11. 0-0 Bg7 12. h3 Re8 13. Qc2 Nc5 14. Nd2 Bf5 15. Qd1 c6 16. b4 Nd3 17. Bxd3 Bxd3 18. Re1 Bf5 19. Nb3 Qe7 20. Nd4 Bd7 21. Nce2 a6 22. Ng3 Rad8 23. Nf3 h5 24. a4 Bc8 25. Qc2 h4 26. Ne2 Qf6 27. b5 Bxh3 28. Nxh4 Qxh4 29. gxh3 Qxh3 30. Nf4 Qg4+ 31. Kf1 Be5 32. Ne2 Qh3+ 0-1

[Event "Staufer Seniors op 13th"]
[Site "Schwaebisch Gmuend"]
[Date "2008.01.02"]
[Round "1"]
[White "Woelbl, Josef"]
[Black "Hoeschele, Hans Ulrich"]
[Result "0-1"]
[WhiteElo "1916"]
[BlackElo "2207"]
[PlyCount "116"]
[EventDate "2008.01.02"]
[EventType "swiss"]
[EventRounds "9"]
[EventCountry "GER"]
[SourceTitle "CBM 122 Extra"]
[Source "ChessBase"]
[SourceDate "2008.03.04"]
[SourceVersion "1"]
[SourceVersionDate "2008.03.04"]
[SourceQuality "1"]

1. Nf3 d5 2. c4 c6 3. e3 Nf6 4. Nc3 g6 5. cxd5 cxd5 6. d4 Bg7 7. Be2 0-0 8. 0-0 Nc6 9. Bd2 Ne4 10. Rc1 Nxd2 11. Nxd2 e6 12. a3 Ne7 13. Nb5 Bd7 14. Qb3 Bc6 15. Nc3 a6 16. Na4 Qa5 17. Nc3 Nf5 18. Qd1 Nd6 19. h3 Kh8 20. Nf3 Ne4 21. Qe1 Qb6 22. b4 Nd6 23. Rb1 Qc7 24. Qc1 b5 25. Qc2 Qb7 26. Nd2 Rac8 27. Rfc1 Nc4 28. Rb3 e5 29. dxe5 Bxe5 30. Nf3 Bg7 31. Qd1 Rcd8 32. Nd4 Bd7 33. Bf3 Be6 34. Nce2 Ne5 35. Nf4 Qb6 36. Be2 Nc4 37. Nfxe6 fxe6 38. Bg4 Rd6 39. Rd3 Nb2 40. Qd2 Nxd3 41. Qxd3 e5 42. Nb3 e4 43. Qd2 h5 44. Be2 Qd8 45. Nd4 Qh4 46. Rf1 Be5 47. f4 exf3 48. Nxf3 Qg3 49. Nxe5 Rxf1+ 50. Kxf1 Qxe5 51. Bf3 Kg7 52. Qc2 Re6 53. Qd1 Qxe3 54. Bxd5 Qf4+ 55. Bf3 Rd6 56. Qc2 Qc4+ 57. Qxc4 bxc4 58. Ke2 c3 0-1

[Event "GER-ch Seniors Gp-B 18th"]
[Site "Dresden"]
[Date "2006.07.24"]
[Round "3"]
[White "Sonntag, Wolfgang"]
[Black "Woelbl, Josef"]
[Result "0-1"]
[WhiteElo "1519"]
[BlackElo "1669"]
[PlyCount "60"]
[EventDate "2006.07.22"]
[EventType "swiss"]
[EventRounds "9"]
[EventCountry "GER"]
[SourceTitle "EXT 2022"]
[Source "ChessBase"]
[SourceDate "2021.10.06"]
[SourceVersion "1"]
[SourceVersionDate "2021.10.06"]
[SourceQuality "1"]

1. e4 c5 2. Nf3 e6 3. d4 cxd4 4. Nxd4 Nc6 5. Be2 Bc5 6. Nb3 Qb6 7. Nxc5 Qxc5 8. Be3 Qb4+ 9. Nd2 Qxb2 10. Nc4 Qb4+ 11. Bd2 Qc5 12. 0-0 d5 13. exd5 Qxd5 14. Ne3 Qc5 15. a3 Nge7 16. Bd3 b6 17. Nc4 Bb7 18. Be3 Qd5 19. Qg4 h5 20. Qg3 e5 21. Nd2 f5 22. Bc4 Qd6 23. Qxg7 0-0-0 24. Bg5 e4 25. Qc3 Kb8 26. g3 Qg6 27. Bxe7 Nxe7 28. Qe5+ Qd6 29. Qxd6+ Rxd6 30. Rfd1 Rhd8 0-1

[Event "GER-ch Seniors Gp-B 18th"]
[Site "Dresden"]
[Date "2006.07.22"]
[Round "1"]
[White "Ludwig, Siegfried"]
[Black "Woelbl, Josef"]
[Result "0-1"]
[WhiteElo "1361"]
[BlackElo "1669"]
[PlyCount "49"]
[EventDate "2006.07.22"]
[EventType "swiss"]
[EventRounds "9"]
[EventCountry "GER"]
[SourceTitle "EXT 2022"]
[Source "ChessBase"]
[SourceDate "2021.10.06"]
[SourceVersion "1"]
[SourceVersionDate "2021.10.06"]
[SourceQuality "1"]

1. e4 c5 2. Bc4 e6 3. Nc3 a6 4. a3 b5 5. Ba2 Bb7 6. d3 g6 7. Nf3 Bg7 8. 0-0 Nf6 9. Bg5 Qc7 10. Rb1 Nc6 11. Be3 d6 12. Ne2 0-0 13. c3 a5 14. Nc1 Nd7 15. d4 Ne7 16. Nd3 Bxe4 17. Rc1 Bb7 18. Bb1 Nd5 19. Bd2 N7b6 20. b3 Qb8 21. Be3 c4 22. Nde1 Bf6 23. Ba2 cxb3 24. Bxb3 Nc4 25. Ra1 0-1

[Event "Wuerttemberg-ch Seniors 18th"]
[Site "Freudenstadt"]
[Date "2006.05.05"]
[Round "2"]
[White "Causevic, Ismet"]
[Black "Woelbl, Josef"]
[Result "1-0"]
[WhiteElo "1796"]
[BlackElo "1646"]
[PlyCount "57"]
[EventDate "2006.05.04"]
[EventType "swiss"]
[EventRounds "9"]
[EventCountry "GER"]
[SourceTitle "EXT 2007"]
[Source "ChessBase"]
[SourceDate "2006.11.23"]
[SourceVersion "1"]
[SourceVersionDate "2006.11.23"]
[SourceQuality "1"]

1. d4 Nf6 2. c4 e6 3. Nc3 Bb4 4. Qc2 Nc6 5. Nf3 d5 6. e3 Ne4 7. Bd2 Nxd2 8. Nxd2 Bxc3 9. bxc3 0-0 10. Bd3 g6 11. 0-0 e5 12. cxd5 Qxd5 13. e4 Qd8 14. d5 Ne7 15. Nf3 f6 16. h3 Kg7 17. c4 c5 18. Nd2 Bd7 19. f4 exf4 20. Rxf4 Qc7 21. Raf1 Qe5 22. R4f2 Qg5 23. Nf3 Qg3 24. Kh1 Qd6 25. Qb2 b6 26. e5 fxe5 27. Nxe5 Kg8 28. Nf7 Qg3 29. Nh6# 1-0

[Event "Wuerttemberg-ch Seniors 15th"]
[Site "Ellwangen"]
[Date "2003.04.19"]
[Round "9"]
[White "Woelbl, Josef"]
[Black "Buerger, Helmut"]
[Result "1/2-1/2"]
[WhiteElo "1731"]
[BlackElo "1687"]
[PlyCount "28"]
[EventDate "2003.04.??"]
[EventType "swiss"]
[EventRounds "9"]
[EventCountry "GER"]
[SourceTitle "EXT 2006"]
[Source "ChessBase"]
[SourceDate "2005.11.24"]
[SourceVersion "1"]
[SourceVersionDate "2005.11.24"]
[SourceQuality "1"]

1. Nf3 d5 2. c4 d4 3. e3 dxe3 4. fxe3 Nf6 5. Nc3 c5 6. Be2 Nc6 7. d4 cxd4 8. exd4 e6 9. 0-0 Be7 10. a3 0-0 11. b4 b6 12. h3 Bb7 13. Bf4 Nh5 14. Bh2 g6 1/2-1/2

[Event "Wuerttemberg-ch Seniors 15th"]
[Site "Ellwangen"]
[Date "2003.04.18"]
[Round "8"]
[White "Woelbl, Josef"]
[Black "Laub, Bertram"]
[Result "1-0"]
[WhiteElo "1731"]
[BlackElo "1581"]
[PlyCount "38"]
[EventDate "2003.04.??"]
[EventType "swiss"]
[EventRounds "9"]
[EventCountry "GER"]
[SourceTitle "EXT 2006"]
[Source "ChessBase"]
[SourceDate "2005.11.24"]
[SourceVersion "1"]
[SourceVersionDate "2005.11.24"]
[SourceQuality "1"]

1. Nf3 d5 2. c4 dxc4 3. Qa4+ Bd7 4. Qxc4 Nc6 5. e3 e5 6. a3 Bd6 7. b4 a6 8. Bb2 b5 9. Qc2 Nf6 10. Nc3 0-0 11. Be2 Re8 12. Bd3 Qe7 13. Ne4 Nxe4 14. Bxe4 Nxb4 15. axb4 Ra7 16. Bxh7+ Kh8 17. Bf5 Bxb4 18. Bxd7 Qxd7 19. Nxe5 Qd6 1-0

[Event "Wuerttemberg-ch Seniors 13th"]
[Site "Ellwangen"]
[Date "2001.??.??"]
[Round "4"]
[White "Schmitz, Wilhelm"]
[Black "Woelbl, Josef"]
[Result "1-0"]
[WhiteElo "1785"]
[BlackElo "1661"]
[PlyCount "59"]
[EventDate "2001.04.??"]
[EventType "swiss"]
[EventRounds "9"]
[EventCountry "GER"]
[SourceTitle "EXT 2006"]
[Source "ChessBase"]
[SourceDate "2005.11.24"]
[SourceVersion "1"]
[SourceVersionDate "2005.11.24"]
[SourceQuality "1"]

1. e4 c5 2. Nc3 e6 3. f4 d5 4. Nf3 dxe4 5. Nxe4 Nf6 6. Nf2 Be7 7. g3 Nc6 8. Bg2 0-0 9. 0-0 Bd7 10. Nd3 Qc7 11. Nde5 Rad8 12. b3 Nxe5 13. Nxe5 Bb5 14. d3 Ba6 15. Qe2 b5 16. a4 b4 17. Bb2 Bb7 18. Bxb7 Qxb7 19. Qg2 Nd5 20. Rae1 Qb6 21. Nc4 Qa6 22. f5 Bf6 23. Bxf6 Nxf6 24. fxe6 fxe6 25. Qe2 Rfe8 26. Ne5 Qd6 27. Rf4 Nd5 28. Rf7 Nc7 29. Qg4 g6 30. Qh4 1-0

[Event "Wuerttemberg-ch Seniors 13th"]
[Site "Ellwangen"]
[Date "2001.??.??"]
[Round "6"]
[White "Woelbl, Josef"]
[Black "Braeu, Ludwig"]
[Result "1/2-1/2"]
[WhiteElo "1661"]
[BlackElo "1901"]
[PlyCount "78"]
[EventDate "2001.04.??"]
[EventType "swiss"]
[EventRounds "9"]
[EventCountry "GER"]
[SourceTitle "EXT 2006"]
[Source "ChessBase"]
[SourceDate "2005.11.24"]
[SourceVersion "1"]
[SourceVersionDate "2005.11.24"]
[SourceQuality "1"]

1. Nf3 g6 2. c4 Bg7 3. e3 d6 4. d4 f5 5. Nc3 Nf6 6. Be2 0-0 7. 0-0 Qe8 8. Bd2 e5 9. dxe5 dxe5 10. Nb5 Na6 11. Bc3 Ne4 12. Bxe5 Rf7 13. Bxg7 Rxg7 14. Qc2 c6 15. Nbd4 Be6 16. Nxe6 Qxe6 17. Rad1 Re8 18. a3 Nac5 19. b4 Nd7 20. c5 Ne5 21. Rd4 Kh8 22. Nd2 Nxd2 23. Rxd2 Rge7 24. Rfd1 Qg8 25. h3 h6 26. Rd6 Qg7 27. Rd8 Kh7 28. Qa4 a6 29. Qb3 Rxd8 30. Rxd8 Rd7 31. Rxd7 Qxd7 32. f4 Nf7 33. Bc4 Nd8 34. Qc3 Nf7 35. Qf6 Nd8 36. Qf8 Ne6 37. Qf6 Nd8 38. Qe5 Nf7 39. Qf6 Nd8 1/2-1/2